Arms and armor : (Record no. 21232)
[ view plain ]
| 000 -LEADER | |
|---|---|
| fixed length control field | 01720cam a22003977a 4500 |
| 001 - CONTROL NUMBER | |
| control field | 13050180 |
| 005 - DATE AND TIME OF LATEST TRANSACTION | |
| control field | 20170121101048.0 |
| 008 - FIXED-LENGTH DATA ELEMENTS--GENERAL INFORMATION | |
| fixed length control field | 030107s2002 nyua bc 000 0 eng |
| 010 ## - LIBRARY OF CONGRESS CONTROL NUMBER | |
| LC control number | 2002727195 |
| 015 ## - NATIONAL BIBLIOGRAPHY NUMBER | |
| National bibliography number | GBA3-Z8806 |
| 020 ## - INTERNATIONAL STANDARD BOOK NUMBER | |
| International Standard Book Number | 0300098766 (Yale University Press) |
| 020 ## - INTERNATIONAL STANDARD BOOK NUMBER | |
| International Standard Book Number | 1588390268 (Metropolitan Museum of Art) |
| 035 ## - SYSTEM CONTROL NUMBER | |
| System control number | (OCoLC)ocm51234842 |
| 040 ## - CATALOGING SOURCE | |
| Original cataloging agency | UKM |
| Transcribing agency | UKM |
| Modifying agency | DLC |
| 042 ## - AUTHENTICATION CODE | |
| Authentication code | lccopycat |
| 043 ## - GEOGRAPHIC AREA CODE | |
| Geographic area code | n-us-ny |
| 050 00 - LIBRARY OF CONGRESS CALL NUMBER | |
| Classification number | NK6601 |
| Item number | .N4M47 2002 |
| 100 1# - MAIN ENTRY--PERSONAL NAME | |
| Personal name | Pyhrr, Stuart W. |
| 245 10 - TITLE STATEMENT | |
| Title | Arms and armor : |
| Remainder of title | notable acquisitions, 1991-2002 / |
| Statement of responsibility, etc. | Stuart W. Pyhrr, Donald J. LaRocca, and Morihiro Ogawa. |
| 260 ## - PUBLICATION, DISTRIBUTION, ETC. (IMPRINT) | |
| Place of publication, distribution, etc. | New York : |
| Name of publisher, distributor, etc. | Metropolitan Museum of Art ; |
| Place of publication, distribution, etc. | New Haven : |
| Name of publisher, distributor, etc. | Yale University Press, |
| Date of publication, distribution, etc. | c2002. |
| 300 ## - PHYSICAL DESCRIPTION | |
| Extent | 63 p. : |
| Other physical details | ill. (some col.) ; |
| Dimensions | 28 cm. |
| 500 ## - GENERAL NOTE | |
| General note | Published in conjunction with an exhibition held at the Metropolitan Museum of Art, Sept. 4, 2002-June 29, 2003. |
| 504 ## - BIBLIOGRAPHY, ETC. NOTE | |
| Bibliography, etc | Includes bibliographical references (p. 32). |
| 610 20 - SUBJECT ADDED ENTRY--CORPORATE NAME | |
| Corporate name or jurisdiction name as entry element | Metropolitan Museum of Art (New York, N.Y.) |
| Form subdivision | Exhibitions. |
| 650 #0 - SUBJECT ADDED ENTRY--TOPICAL TERM | |
| Topical term or geographic name as entry element | Armor |
| Form subdivision | Exhibitions. |
| 650 #0 - SUBJECT ADDED ENTRY--TOPICAL TERM | |
| Topical term or geographic name as entry element | Weapons |
| Form subdivision | Exhibitions. |
| 650 #0 - SUBJECT ADDED ENTRY--TOPICAL TERM | |
| Topical term or geographic name as entry element | Armor |
| Geographic subdivision | New York (State) |
| -- | New York |
| Form subdivision | Exhibitions. |
| 650 #0 - SUBJECT ADDED ENTRY--TOPICAL TERM | |
| Topical term or geographic name as entry element | Weapons |
| Geographic subdivision | New York (State) |
| -- | New York |
| Form subdivision | Exhibitions. |
| 700 1# - ADDED ENTRY--PERSONAL NAME | |
| Personal name | LaRocca, Donald J. |
| 700 1# - ADDED ENTRY--PERSONAL NAME | |
| Personal name | Ogawa, Morihiro, |
| Dates associated with a name | 1946- |
| 710 2# - ADDED ENTRY--CORPORATE NAME | |
| Corporate name or jurisdiction name as entry element | Metropolitan Museum of Art (New York, N.Y.) |
| 942 ## - ADDED ENTRY ELEMENTS (KOHA) | |
| Source of classification or shelving scheme | |
| Koha item type | Hard Covered Materials |
| Classification part | NK6601 .N4M47 2002 |
No items available.